Countries Containing Two "N"s - Statistics

General Stats
  • This quiz has been taken 284 times
  • The average score is 16 of 25
Answer Stats
Hint Answer % Correct
25 United Kingdom
85%
13 Netherlands
79%
14 New Zealand
79%
1 Afghanistan
77%
18 Saint Vincent and the Grenadines
76%
5 Bosnia and Herzegovina
73%
17 Saint Kitts and Nevis
72%
9 Indonesia
71%
2 Antigua and Barbuda
69%
3 Argentina
69%
6 Central African Republic
69%
7 Dominican Republic
66%
19 San Marino
66%
8 Finland
65%
23 Trinidad and Tobago
65%
24 Turkmenistan
65%
21 Solomon Islands
64%
15 Northern Macedonia
62%
16 Papua New Guinea
62%
11 Liechtenstein
60%
22 Tanzania
58%
4 Benin
54%
12 Montenegro
53%
10 Lebanon
44%
20 Sao Tome and Principe
42%
No matching quizzes found
Score Distribution
Percent of People with Each Score
Percentile by Number Answered
Your Score History
You have not taken this quiz